1935 1984 1341 1671 1095 1535 1164 1382 1128 1461 1500 1032 2000 1980 1295 1574 1918 1828 1068 1798 1610 1653 1608 1545 1175 1616 1086 1731 1002 1367 1157 1528 1498 1334 1854 1729 1464 1238 1417 1808 1789 1268 1072 1961 1710 1372 1268 1942 1254 1331 1408 1572 1442 1944 1594 1452 1175 1257 1719 1321 1546 1295 1593 1581 1514 1956 1973 1794 1338 1275 1489 1314 1447 1911 1790 1595 1926 1150 1128 1365 1644 1563 1848 1032 1094 1117 1034 1247 1002 1648 1390 1128 1134 1834 1010 1904 1520 1271 1824 BCNSPRNW ULIB Ver.6.0+V

เปลี่ยนเป็นภาษาไทย

Change to English
 แสดงรายละเอียดบรรณานุกรม
  กลับหน้าหลัก

Brief Record : Get Marc (ISO 2709) : E-mail record : QR code < ปิดหน้าต่าง
LEADER : 00000nam 2200000uu 4500
001    13399127274
003     ULIB
008    200316s2562||||th 000 0 tha d
020    ^a9786169284765
060    ^aWO275^bว671ก
100    ^aวิมลรัตน์ ศรีราช อรลักษณ์ รอดอนันต์ นรุตม์ เรือนอนุกูล และปัณณวิชญ์ เบญจวลีย์มาศ
245    ^aก้าวไกล วิสัญญี 4.0
250    ^aพิมพ์ครั้งที่ 1
260    ^aกรุงเทพฯ :^bธนาเพรส,^c2562
300    ^a498 หน้า^bภาพประกอบ, ตาราง, ภาคผนวก
650    ^aวิสัญญี
945    ^p400^l0^i006647
945    ^p400^l0^i006648
945    ^p400^l0^i006649
945    ^p400^l0^i006650
945    ^p400^l0^i006651
999    ^aประนอม เกษจรัล
รายการนี้ยังไม่มีแท็ก
คุณยังไม่ได้ล็อกอิน คุณสามารถมีกิจกรรมร่วมกับเว็บไซต์ได้ แต่ต้องล็อกอินก่อน ::
  ล็อกอิน

รายการสื่อสารสนเทศ

ลำดับที่ ประเภท เลขเรียก/บาร์โค้ด สถานที่ สถานะ
1. วิทยาศาสตร์การแพทย์ และสุขภาพ
หนังสือสำรอง
สถานะ=หนังสือสำรอง
WO275 ว671ก ฉ.1 
  Barcode: 006647
ห้องสมุดวิทยาเขตสวรรค์ประชารักษ์
►หนังสือทั่วไป
บนชั้น
2. วิทยาศาสตร์การแพทย์ และสุขภาพ
วิทยาศาสตร์การแพทย์ และสุขภาพ
WO275 ว671ก ฉ.2 
  Barcode: 006648
ห้องสมุดวิทยาเขตสวรรค์ประชารักษ์
►หนังสือทั่วไป
บนชั้น
3. วิทยาศาสตร์การแพทย์ และสุขภาพ
วิทยาศาสตร์การแพทย์ และสุขภาพ
WO275 ว671ก ฉ.3 
  Barcode: 006649
ห้องสมุดวิทยาเขตสวรรค์ประชารักษ์
►หนังสือทั่วไป
บนชั้น
4. วิทยาศาสตร์การแพทย์ และสุขภาพ
วิทยาศาสตร์การแพทย์ และสุขภาพ
WO275 ว671ก ฉ.4 
  Barcode: 006650
ห้องสมุดวิทยาเขตสวรรค์ประชารักษ์
►หนังสือทั่วไป
บนชั้น
5. วิทยาศาสตร์การแพทย์ และสุขภาพ
วิทยาศาสตร์การแพทย์ และสุขภาพ
WO275 ว671ก ฉ.5 
  Barcode: 006651
ห้องสมุดวิทยาเขตสวรรค์ประชารักษ์
►หนังสือทั่วไป
บนชั้น

รายการใกล้เคียง
    ชื่อเรื่อง [ก้าวไกล วิสัญญี 4.0]

    ผู้แต่ง [วิมลรัตน์ ศรีราช อรลักษณ์ รอดอนันต์ นรุตม์ เรือนอนุกูล และปัณณวิชญ์ เบญจวลีย์มาศ]

    หัวเรื่อง [วิสัญญี]

BibComment


ยังไม่เคยถูกคอมเมนท์

คอมเมนท์ทรัพยากรรายการนี้
  คอมเมนท์: ก้าวไกล วิสัญญี 40


 Copyright 2026. Bcnsprnw @Library